| 000 | 00446nam a2200193Ia 4500 | ||
|---|---|---|---|
| 005 | 20250603145005.0 | ||
| 008 | 250603s9999 xx 000 0 und d | ||
| 020 | _a9780604146 | ||
| 050 | _aKP 81 .F4/ | ||
| 100 | _aFalana, F. | ||
| 245 | 0 | _aFundamental rights enforcement in Nigeria | |
| 250 | _a2nd ed. | ||
| 260 | _aLagos | ||
| 260 | _bLegal Text Pub. Coy Ltd | ||
| 260 | _c2010 | ||
| 300 | _a361 p | ||
| 650 | _aLagos | ||
| 942 | _cBK | ||
| 999 |
_c40544 _d40544 |
||